Basic vocabulary in use (with answers) = Từ vựng tiếng Anh căn bản /
Learner training; Everyday verbs; Words and grammar; People; ...
محفوظ في:
| المؤلف الرئيسي: | |
|---|---|
| مؤلف مشترك: | |
| مؤلفون آخرون: | , , |
| التنسيق: | كتاب |
| اللغة: | English |
| منشور في: |
Tp.HCM :
Nxb Trẻ,
2001.
|
| الموضوعات: | |
| الوسوم: |
إضافة وسم
لا توجد وسوم, كن أول من يضع وسما على هذه التسجيلة!
|
| Thư viện lưu trữ: | Mạng thư viện Đại học Đà Nẵng |
|---|
| LEADER | 01533cam a22003971a 4500 | ||
|---|---|---|---|
| 001 | 000035695 | ||
| 003 | 11983 | ||
| 005 | 20190905094749.0 | ||
| 008 | 160318s2001 vm 000 eng | ||
| 020 | |a 052178865X : |c 17000 | ||
| 040 | |a lnn |c lnn |d lnn | ||
| 041 | 0 | |a eng | |
| 082 | 1 | 4 | |a 428.1 |2 21 |b MC-M |
| 100 | 1 | |a McCarthy, Michael. | |
| 245 | 1 | 0 | |a Basic vocabulary in use (with answers) = |b Từ vựng tiếng Anh căn bản / |c Michael McCarthy, Felecity O'Dell, with Ellen Shaw ; chú giải: Nguyễn Văn Phước, ban biên dịch First News. |
| 246 | 3 | 1 | |a Từ vựng tiếng Anh căn bản. |
| 260 | |a Tp.HCM : |b Nxb Trẻ, |c 2001. | ||
| 300 | |a 170 p. : |b ill. ; |c 20,5 cm. | ||
| 520 | 3 | |a Learner training; Everyday verbs; Words and grammar; People; ... | |
| 630 | 0 | 4 | |a English language. |
| 650 | 0 | 4 | |a English language |x Vocabulary. |
| 650 | 0 | 4 | |a Anh ngữ |x Từ vựng. |
| 700 | 1 | |a O'dell, Felecity. | |
| 700 | 1 | |a Shaw, Ellen. | |
| 700 | 1 | |a Nguyễn Văn Phước, |c M.S., |e chú giải. | |
| 710 | 2 | |a Ban biên dịch First News. | |
| OWN | |a LNN | ||
| AVA | |a UDN50 |b LNN |c English |d 428.1 MC-M |e available |t Error 5001 Not defined in file expand_doc_bib_avail. |f 1 |g 0 |h N |i 0 |j AN |k 1 | ||
| 999 | |a From the UDN01 | ||
| AVA | |a UDN50 |b LNN |c English |d 428.1 MC-M |e available |t Error 5001 Not defined in file expand_doc_bib_avail. |f 1 |g 0 |h N |i 0 |j AN |k 1 | ||
| TYP | |a Monograph | ||
| TYP | |a Printed language | ||
| 980 | |a Mạng thư viện Đại học Đà Nẵng | ||


